000 00498nam a2200181Ia 4500
005 20250326125345.0
008 250326s9999 xx 000 0 und d
037 _aTextbook
040 _aFMSL
_beng
_cFMSL
041 _aeng
_2eng
084 _aX8(J).2 L9
_qFMSL
100 _aMamoria C B
245 0 _aAgricultural problems of India
_cMamoria C B
260 _aAllahabad
_bAllahabad, Kitab Mahal
_c1979
300 _a1064p
942 _cTB
_hX8(J).2 L9
999 _c1277674
_d1277674